00269nam a2200121Ia 4500008004100000100001400041245002000055250001200075260002900087300000900116942000700125999001500132190216s9999||||xx |||||||||||||| ||und|| aM.N Arora 0aCost Accounting a1st Ed. bVikas Publicationsc2008 a991p cBK c4837d4837